Rock N Roll Music - Statistics

General Stats
  • This quiz has been taken 291 times
  • The average score is 11 of 27
Answer Stats
Hint Answer % Correct
Enter Sandman Metallica
85%
Another One Bites the Dust Queen
83%
Californication Red Hot Chili Peppers
81%
Smoke on the Water Deep Purple
73%
Jump Van Halen
72%
It's My Life Bon Jovi
62%
Fortunate Son CCR
61%
Freefallin Tom Petty and The Heartbreakers
59%
Dr. Feelgood Motley Crue
55%
Cum on Feel the Noise Quiet Riot
52%
Black Betty Ram Jam
47%
Learn to Fly Foo Fighters
41%
The Joker Steve Miller Band
41%
Rock and Roll Ain't Noise Pollution AC/DC
39%
Cherry Pie Warrant
39%
Ragdoll Aerosmith
33%
Foolin Def Leppard
25%
Unskinny Bop Poison
25%
Bad Reputation Joan Jett and The Black Hearts
24%
China Grove Doobie Brothers
21%
Old Time Rock N Roll Bob Seger and The Silver Bullet Band
18%
Taking Care of Business BTO
17%
The Reaper BOC
16%
Night Train GNR
16%
Turn Me Loose Loverboy
14%
Shooting Star Bad Company
13%
Fooling Yourself Styx
7%
No matching quizzes found
Score Distribution
Percent of People with Each Score
Percentile by Number Answered
Your Score History
You have not taken this quiz